[Event "Karposh Open  2012"]
[Site "Skopje MKD"]
[Date "2012.04.12"]
[Round "7.7"]
[White "Palac, Mladen"]
[Black "Drazic, Sinisa"]
[Result "1-0"]
[WhiteElo "2593"]
[BlackElo "2536"]
[PlyCount "65"]
[EventDate "2012.04.07"]
[EventType "swiss"]
[EventRounds "9"]
[Source "lmi"]
[SourceDate "2012.04.07"]

1. e4 e5 2. Nf3 Nc6 3. Bb5 Nf6 4. O-O Nxe4 5. d4 Nd6 6. Bxc6 dxc6 7. dxe5 Nf5
8. Qxd8+ Kxd8 9. h3 h6 10. Rd1+ Ke8 11. Nc3 Ne7 12. Bf4 Ng6 13. Bh2 Bb4 14. Ne2
Be7 15. Nfd4 a6 16. Ng3 Nh4 17. Nh5 g6 18. Nf6+ Kf8 19. Ne4 c5 20. Nb3 c4 21.
Na5 Bf5 22. f3 b5 23. Nc6 g5 24. a4 b4 25. e6 Bxe6 26. Nxe7 Kxe7 27. Bxc7 f5
28. Nc5 Rhe8 29. Rd6 Bf7 30. Nd7 Bg8 31. Nb6 Ra7 32. Re1+ Kf8 33. Nd7+ 1-0

[Event "Karposh Open  2012"]
[Site "Skopje MKD"]
[Date "2012.04.12"]
[Round "7.8"]
[White "Berescu, Alin-Mile"]
[Black "Chatalbashev, Boris"]
[Result "1/2-1/2"]
[WhiteElo "2494"]
[BlackElo "2570"]
[PlyCount "73"]
[EventDate "2012.04.07"]
[EventType "swiss"]
[EventRounds "9"]
[Source "lmi"]
[SourceDate "2012.04.07"]

1. c4 Nf6 2. g3 c6 3. Bg2 d5 4. Nf3 dxc4 5. O-O Bf5 6. Na3 b5 7. b3 cxb3 8.
Qxb3 e6 9. d3 a6 10. Nc2 Bc5 11. a4 O-O 12. Ne5 Nfd7 13. Nxd7 Nxd7 14. Bxc6 Bh3
15. Bg2 Bxg2 16. Kxg2 Qb6 17. Bd2 h5 18. f3 Rfc8 19. axb5 axb5 20. Rxa8 Rxa8
21. Rb1 h4 22. Bc3 Rb8 23. Qb2 Bf8 24. Bb4 Bxb4 25. Qxb4 hxg3 26. hxg3 Qc5 27.
Nd4 Qe5 28. Kf2 Qh5 29. Kg2 Qe5 30. Kf2 Qh5 31. Qd6 Qh2+ 32. Ke3 Qh6+ 33. Kf2
Qh2+ 34. Ke3 Qh6+ 35. Kf2 Qh2+ 36. Ke3 Qh6+ 37. Kf2 1/2-1/2

[Event "Karposh Open  2012"]
[Site "Skopje MKD"]
[Date "2012.04.12"]
[Round "7.11"]
[White "Nestorovic, Lazar"]
[Black "Solak, Dragan"]
[Result "0-1"]
[WhiteElo "2374"]
[BlackElo "2602"]
[PlyCount "193"]
[EventDate "2012.04.07"]
[EventType "swiss"]
[EventRounds "9"]
[Source "lmi"]
[SourceDate "2012.04.07"]

1. d4 d5 2. c4 c6 3. Nc3 Nf6 4. e3 a6 5. Nf3 b5 6. cxd5 cxd5 7. Bd3 e6 8. O-O
Bb7 9. Bd2 Nbd7 10. Qe1 Ne4 11. Ne2 Nxd2 12. Nxd2 Bd6 13. f4 O-O 14. Nb3 Qe7
15. a4 bxa4 16. Rxa4 Nb6 17. Ra2 Nc4 18. Bxc4 dxc4 19. Nd2 Bb4 20. Nc3 a5 21.
Qe2 Rac8 22. Raa1 f6 23. Nf3 Qe8 24. e4 Qc6 25. Rfe1 Rfd8 26. Kh1 Ra8 27. Qe3
a4 28. Kg1 a3 29. bxa3 Rxa3 30. Rxa3 Bxa3 31. Rb1 Bf8 32. Kh1 Qc7 33. h3 Bc6
34. Rd1 Bb4 35. Rc1 Qa7 36. Kh2 Qb6 37. Rb1 Qa5 38. Rc1 Bxc3 39. Rxc3 Bxe4 40.
Rxc4 Bd5 41. Rc2 Qb6 42. Ne1 Qd6 43. Nd3 Bb3 44. Rc3 Ba2 45. Nc5 Qxd4 46. Nxe6
Qxe3 47. Rxe3 Re8 48. f5 Kf7 49. Ra3 Bxe6 50. fxe6+ Rxe6 51. g4 Re7 52. Kg3 Kg6
53. Rb3 Re5 54. Ra3 Rc5 55. Rb3 Rd5 56. Ra3 h5 57. Rb3 Kg5 58. Ra3 Re5 59. Rc3
g6 60. Rb3 Rd5 61. Rc3 Ra5 62. Rb3 h4+ 63. Kf3 Ra2 64. Rb5+ Kh6 65. Rb3 Rh2 66.
Ke4 Rg2 67. Ra3 Rf2 68. Ke3 Rc2 69. Ke4 Rb2 70. Rc3 Re2+ 71. Kf3 Rh2 72. Ke4
Rf2 73. Ke3 Rb2 74. Ra3 Kg5 75. Ra5+ f5 76. gxf5 gxf5 77. Kf3 Rh2 78. Ra8 Rxh3+
79. Kg2 Rg3+ 80. Kf2 Rb3 81. Ra4 Rb2+ 82. Kf3 Rc2 83. Ra3 h3 84. Ra8 Rc3+ 85.
Kf2 h2 86. Kg2 Rh3 87. Kh1 Rh7 88. Ra2 Kg4 89. Rg2+ Kf4 90. Rf2+ Ke4 91. Re2+
Kd3 92. Ra2 f4 93. Ra3+ Ke2 94. Ra2+ Kf3 95. Ra4 Rh3 96. Rb4 Rg3 97. Kxh2 0-1

[Event "Karposh Open  2012"]
[Site "Skopje MKD"]
[Date "2012.04.12"]
[Round "7.12"]
[White "Yemelin, Vasily"]
[Black "Arsovic, Goran"]
[Result "1-0"]
[WhiteElo "2567"]
[BlackElo "2422"]
[PlyCount "57"]
[EventDate "2012.04.07"]
[EventType "swiss"]
[EventRounds "9"]
[Source "lmi"]
[SourceDate "2012.04.07"]

1. e4 c5 2. Nf3 d6 3. d4 cxd4 4. Nxd4 Nf6 5. Nc3 a6 6. Be3 e5 7. Nb3 Be7 8. h3
O-O 9. g4 Be6 10. g5 Nfd7 11. Qd2 Nb6 12. O-O-O a5 13. Kb1 Nc4 14. Bxc4 Bxc4
15. Nc1 Nd7 16. h4 b5 17. N1e2 b4 18. Nd5 Bxd5 19. Qxd5 Qc7 20. c4 Rfc8 21. Ng3
g6 22. Rc1 a4 23. h5 Ra5 24. c5 Bf8 25. hxg6 hxg6 26. Rh8+ Kxh8 27. Qxf7 Nf6
28. Rh1+ Nh5 29. Qxg6 1-0

[Event "Karposh Open  2012"]
[Site "Skopje MKD"]
[Date "2012.04.12"]
[Round "7.13"]
[White "Erturan, Yakup"]
[Black "Blagojevic, Dragisa"]
[Result "1/2-1/2"]
[WhiteElo "2370"]
[BlackElo "2523"]
[PlyCount "33"]
[EventDate "2012.04.07"]
[EventType "swiss"]
[EventRounds "9"]
[Source "lmi"]
[SourceDate "2012.04.07"]

1. e4 e5 2. Nf3 Nc6 3. Bb5 a6 4. Ba4 Nf6 5. O-O Be7 6. Re1 d6 7. Bxc6+ bxc6 8.
d4 exd4 9. Nxd4 Bd7 10. Nc3 O-O 11. Bg5 h6 12. Bh4 Re8 13. Qd3 Nh5 14. Bxe7
Rxe7 15. Nf5 Bxf5 16. exf5 Nf6 17. Qc4 1/2-1/2

[Event "Karposh Open  2012"]
[Site "Skopje MKD"]
[Date "2012.04.12"]
[Round "7.14"]
[White "Savic, Miodrag R"]
[Black "Krivokapic, Marko"]
[Result "1/2-1/2"]
[WhiteElo "2518"]
[BlackElo "2415"]
[PlyCount "49"]
[EventDate "2012.04.07"]
[EventType "swiss"]
[EventRounds "9"]
[Source "lmi"]
[SourceDate "2012.04.07"]

1. e4 c5 2. Nf3 d6 3. Bc4 Nf6 4. d3 e6 5. O-O Be7 6. Bb3 O-O 7. c3 a6 8. Nbd2
b5 9. Qe2 Bb7 10. d4 cxd4 11. cxd4 Nbd7 12. e5 dxe5 13. dxe5 Nd5 14. Ne4 Qc7
15. Ng3 Nb4 16. Bf4 Nc5 17. Rfc1 Rac8 18. Ne1 Qb8 19. Bc2 Nxc2 20. Rxc2 Nd7 21.
Rd2 Nb6 22. Qg4 Rc4 23. b3 Qxe5 24. Bxe5 Rxg4 25. Bd6 1/2-1/2

[Event "Karposh Open  2012"]
[Site "Skopje MKD"]
[Date "2012.04.12"]
[Round "7.15"]
[White "Antic, Dejan"]
[Black "D`costa, Lorin A R"]
[Result "1/2-1/2"]
[WhiteElo "2513"]
[BlackElo "2420"]
[PlyCount "90"]
[EventDate "2012.04.07"]
[EventType "swiss"]
[EventRounds "9"]
[Source "lmi"]
[SourceDate "2012.04.07"]

1. d4 Nf6 2. c4 e6 3. Nf3 b6 4. g3 Ba6 5. b3 Bb7 6. Bg2 Bb4+ 7. Bd2 c5 8. O-O
O-O 9. Bc3 Na6 10. Bb2 cxd4 11. Qxd4 d5 12. Nbd2 Qe7 13. Qh4 Rfd8 14. a3 Bd6
15. b4 Rac8 16. Rac1 Ne4 17. Nxe4 Qxh4 18. gxh4 dxe4 19. Ng5 Be7 20. Nxe4 Kf8
21. Rfe1 Rd7 22. Be5 Nb8 23. Bg3 Nc6 24. c5 Nd4 25. e3 Nf5 26. Nd6 Bxd6 27.
Bxb7 Rxb7 28. cxd6 Rd8 29. Rc7 Rxc7 30. dxc7 Rc8 31. Rd1 Ke7 32. Bf4 f6 33. e4
e5 34. exf5 exf4 35. Rc1 f3 36. Rc3 Kd6 37. Rd3+ Ke7 38. Re3+ Kd6 39. Rd3+ Ke7
40. Re3+ Kd6 41. Rd3+ Ke7 42. Rxf3 Rxc7 43. Kg2 Rc4 44. Re3+ Kf7 45. f3 Rf4
1/2-1/2

[Event "Karposh Open  2012"]
[Site "Skopje MKD"]
[Date "2012.04.12"]
[Round "7.16"]
[White "Todorovic, Goran M"]
[Black "Nikolov, Sasho"]
[Result "1/2-1/2"]
[WhiteElo "2499"]
[BlackElo "2397"]
[PlyCount "93"]
[EventDate "2012.04.07"]
[EventType "swiss"]
[EventRounds "9"]
[Source "lmi"]
[SourceDate "2012.04.07"]

1. e4 c5 2. Nf3 d6 3. d4 cxd4 4. Nxd4 Nf6 5. Nc3 a6 6. Bg5 e6 7. f4 Nbd7 8. Qf3
Qc7 9. O-O-O b5 10. Bd3 Bb7 11. Rhe1 Be7 12. Qg3 b4 13. Nd5 exd5 14. exd5 Kd8
15. Nc6+ Bxc6 16. dxc6 Nb6 17. Bh4 Rg8 18. Rd2 d5 19. Rde2 Nc8 20. Re5 Qxc6 21.
Qf3 Ra7 22. g4 Re8 23. g5 Nd7 24. R5e2 Nc5 25. f5 b3 26. Kb1 bxa2+ 27. Kxa2
Nxd3 28. Qxd3 Nd6 29. Re5 Rd7 30. Rxd5 g6 31. Rd1 Kc8 32. Bf2 Rc7 33. f6 Bf8
34. Bg3 Re6 35. Bxd6 Bxd6 36. Rxd6 Rxd6 37. Qxd6 Qxd6 38. Rxd6 Rxc2 39. Rxa6
Rxh2 40. Ra7 Rg2 41. Rxf7 Rxg5 42. Rxh7 Rf5 43. f7 Kd8 44. Rg7 g5 45. Rxg5 Rxf7
46. Ka3 Kc7 47. Rb5 1/2-1/2

[Event "Karposh Open  2012"]
[Site "Skopje MKD"]
[Date "2012.04.12"]
[Round "7.17"]
[White "Piskur, Mitja"]
[Black "Arnaudov, G  Petar"]
[Result "1-0"]
[WhiteElo "2303"]
[BlackElo "2476"]
[PlyCount "75"]
[EventDate "2012.04.07"]
[EventType "swiss"]
[EventRounds "9"]
[Source "lmi"]
[SourceDate "2012.04.07"]

1. d3 d5 2. e4 d4 3. f4 c5 4. Nf3 Nc6 5. Be2 g6 6. O-O Bg7 7. Qe1 e5 8. fxe5
Nxe5 9. Nxe5 Bxe5 10. Qf2 Qc7 11. Qh4 h6 12. Na3 g5 13. Qh5 Nf6 14. Qf3 Be6 15.
g3 O-O-O 16. Nc4 Bxc4 17. dxc4 Rhe8 18. Bd3 Re6 19. Bd2 Kb8 20. a3 Rde8 21. b4
Bd6 22. e5 Bxe5 23. bxc5 Qxc5 24. Rab1 Qc6 25. Rb5 Qxf3 26. Rxf3 a6 27. Rxe5
Rxe5 28. Rxf6 R8e6 29. Rxf7 Rb6 30. h4 a5 31. hxg5 hxg5 32. Rg7 Rb1+ 33. Kg2
Ra1 34. Bxg5 Re6 35. Re7 Rxe7 36. Bxe7 Kc7 37. g4 Kd7 38. Bc5 1-0

[Event "Karposh Open  2012"]
[Site "Skopje MKD"]
[Date "2012.04.12"]
[Round "7.18"]
[White "Nikolova, Adriana"]
[Black "Potapov, Pavel"]
[Result "1-0"]
[WhiteElo "2293"]
[BlackElo "2473"]
[PlyCount "81"]
[EventDate "2012.04.07"]
[EventType "swiss"]
[EventRounds "9"]
[Source "lmi"]
[SourceDate "2012.04.07"]

1. e4 c5 2. Nf3 Nc6 3. c3 Nf6 4. e5 Nd5 5. d4 cxd4 6. cxd4 g6 7. Qb3 e6 8. Be2
d6 9. exd6 Qxd6 10. O-O Bg7 11. Nc3 O-O 12. Rd1 b6 13. a3 Bb7 14. h4 Na5 15.
Qa4 Nf4 16. b4 Nxe2+ 17. Nxe2 Bxf3 18. gxf3 Nc4 19. Bf4 Qd5 20. Qb3 b5 21. Kg2
Rfc8 22. Rab1 a5 23. bxa5 Rxa5 24. Bc1 Qa8 25. Rd3 Bf8 26. Nc3 Nxa3 27. Ra1 b4
28. Ne4 Nc4 29. Rxa5 Nxa5 30. Qb1 Qc6 31. Bf4 Qc2 32. Qf1 Nc4 33. h5 Be7 34.
hxg6 hxg6 35. Rd1 f5 36. Rc1 Qa2 37. Nd2 Nb6 38. Rxc8+ Nxc8 39. Qb5 Bf8 40. Qe8
e5 41. Bh6 1-0

[Event "Karposh Open  2012"]
[Site "Skopje MKD"]
[Date "2012.04.12"]
[Round "7.19"]
[White "Emiroglu, Cankut"]
[Black "Nestorovic, Nikola"]
[Result "1-0"]
[WhiteElo "2214"]
[BlackElo "2462"]
[PlyCount "55"]
[EventDate "2012.04.07"]
[EventType "swiss"]
[EventRounds "9"]
[Source "lmi"]
[SourceDate "2012.04.07"]

1. e4 e5 2. Nf3 Nc6 3. Bb5 a6 4. Ba4 Nge7 5. Nc3 d6 6. d3 b5 7. Bb3 Na5 8. Be3
Nxb3 9. axb3 Bb7 10. b4 f5 11. d4 exd4 12. Bxd4 fxe4 13. Ng5 Nf5 14. Ngxe4 Qh4
15. O-O O-O-O 16. g3 Qh3 17. Ba7 Re8 18. Re1 Be7 19. Nd5 Bd8 20. Ra3 Ne7 21.
Nf4 Qf5 22. f3 Nc6 23. Rc3 g5 24. Nd5 Re6 25. Nb6+ cxb6 26. Nxd6+ Rxd6 27. Qxd6
Be7 28. Rxc6+ 1-0

[Event "Karposh Open  2012"]
[Site "Skopje MKD"]
[Date "2012.04.12"]
[Round "7.20"]
[White "Bogdanovski, Vlatko"]
[Black "Kantorik, Marian"]
[Result "1-0"]
[WhiteElo "2435"]
[BlackElo "2323"]
[PlyCount "47"]
[EventDate "2012.04.07"]
[EventType "swiss"]
[EventRounds "9"]
[Source "lmi"]
[SourceDate "2012.04.07"]

1. Nf3 Nf6 2. g3 b5 3. Bg2 Bb7 4. O-O e6 5. d3 d6 6. Na3 a6 7. c4 b4 8. Nc2 c5
9. e4 Nbd7 10. Ng5 Qc7 11. f4 Be7 12. h4 a5 13. Ne3 h6 14. Nh3 g6 15. a3 Bc6
16. b3 Bf8 17. Bb2 Bg7 18. Qe2 O-O 19. g4 Nh7 20. Bxg7 Kxg7 21. g5 hxg5 22.
hxg5 f5 23. exf5 exf5 24. Nd5 1-0

[Event "Karposh Open  2012"]
[Site "Skopje MKD"]
[Date "2012.04.12"]
[Round "7.21"]
[White "Arat, Ufuk Sezen"]
[Black "Vojinovic, Goran"]
[Result "0-1"]
[WhiteElo "2089"]
[BlackElo "2429"]
[PlyCount "86"]
[EventDate "2012.04.07"]
[EventType "swiss"]
[EventRounds "9"]
[Source "lmi"]
[SourceDate "2012.04.07"]

1. e4 e6 2. d3 d5 3. Nd2 Nf6 4. Ngf3 Nc6 5. g3 dxe4 6. dxe4 Bc5 7. Bg2 O-O 8.
O-O e5 9. c3 a5 10. Qc2 b6 11. Nb3 Bd6 12. h3 h6 13. Be3 Be6 14. Nh4 Re8 15. f4
Bd7 16. f5 a4 17. Nd2 Qe7 18. Nc4 Bc5 19. Qf2 Na5 20. Bxc5 Qxc5 21. Qxc5 bxc5
22. Ne3 Bc6 23. Nd5 Bxd5 24. exd5 Rab8 25. b4 axb3 26. axb3 Nxb3 27. Ra7 e4 28.
Re1 Rbc8 29. Bf1 Red8 30. Rd1 e3 31. Ng2 Nd2 32. Nxe3 Nde4 33. c4 Nxg3 34. Bg2
Re8 35. Nf1 Nxf5 36. Rb1 Nd6 37. Nd2 Re2 38. Nb3 Nfe4 39. Bf1 Re3 40. Na5 Nd2
41. Rc1 Nxf1 42. Kxf1 Rxh3 43. Nc6 Rh1+ 0-1

[Event "Karposh Open  2012"]
[Site "Skopje MKD"]
[Date "2012.04.12"]
[Round "7.22"]
[White "Drenchev, Petar"]
[Black "Raeva, Elitsa"]
[Result "1-0"]
[WhiteElo "2499"]
[BlackElo "2292"]
[PlyCount "55"]
[EventDate "2012.04.07"]
[EventType "swiss"]
[EventRounds "9"]
[Source "lmi"]
[SourceDate "2012.04.07"]

1. Nf3 Nf6 2. c4 g6 3. Nc3 Bg7 4. e4 d6 5. d4 O-O 6. Be2 c6 7. O-O a6 8. h3 b5
9. e5 Ne8 10. Bf4 f6 11. Bh2 b4 12. Na4 fxe5 13. dxe5 Qa5 14. c5 dxc5 15. Qb3+
e6 16. Rac1 Ra7 17. Rxc5 Qc7 18. Nd4 Qe7 19. Rxc6 Bd7 20. Rc2 Nc7 21. Nc5 Kh8
22. Nxd7 Qxd7 23. Qxb4 Nd5 24. Qd2 Rb7 25. a3 h5 26. Bf3 Rb6 27. Rd1 Nc7 28.
Qa5 1-0

[Event "Karposh Open  2012"]
[Site "Skopje MKD"]
[Date "2012.04.12"]
[Round "7.23"]
[White "Damljanovic, Branko"]
[Black "Djingarova, Emilia"]
[Result "1/2-1/2"]
[WhiteElo "2582"]
[BlackElo "2296"]
[PlyCount "74"]
[EventDate "2012.04.07"]
[EventType "swiss"]
[EventRounds "9"]
[Source "lmi"]
[SourceDate "2012.04.07"]

1. d4 d5 2. c4 dxc4 3. Nf3 Nf6 4. e3 Bg4 5. Bxc4 e6 6. Nc3 Nbd7 7. h3 Bh5 8. g4
Bg6 9. Nh4 Bb4 10. Nxg6 hxg6 11. Bd2 Nb6 12. Be2 Bxc3 13. bxc3 Ne4 14. Qc2 Nxd2
15. Kxd2 Qd5 16. c4 Qa5+ 17. Qc3 Qxc3+ 18. Kxc3 c5 19. dxc5 Nd7 20. c6 bxc6 21.
Bf3 Ne5 22. Bg2 O-O-O 23. Rhd1 Kc7 24. g5 Nd7 25. Rd2 Nc5 26. Rad1 Rxd2 27.
Rxd2 a5 28. f4 Rb8 29. e4 Na4+ 30. Kd4 Rd8+ 31. Ke3 Rxd2 32. Kxd2 Kd6 33. e5+
Kc5 34. Kd3 Nb2+ 35. Kc3 Nd1+ 36. Kd2 Nb2 37. Kc3 Nd1+ 1/2-1/2

[Event "Karposh Open  2012"]
[Site "Skopje MKD"]
[Date "2012.04.12"]
[Round "7.24"]
[White "Pancevski, Filip"]
[Black "Andonovski, Ljubisa"]
[Result "1-0"]
[WhiteElo "2470"]
[BlackElo "2291"]
[PlyCount "83"]
[EventDate "2012.04.07"]
[EventType "swiss"]
[EventRounds "9"]
[Source "lmi"]
[SourceDate "2012.04.07"]

1. e4 c5 2. Nf3 e6 3. d4 cxd4 4. Nxd4 Nc6 5. Nc3 Qc7 6. Be3 Nf6 7. f4 Bb4 8.
Ndb5 Qa5 9. e5 Nd5 10. Bd2 Nxc3 11. Bxc3 Bxc3+ 12. Nxc3 O-O 13. Qd2 f6 14. exf6
Rxf6 15. O-O-O d5 16. g3 Bd7 17. Kb1 Be8 18. h4 Bg6 19. Bd3 Bxd3 20. Qxd3 Rc8
21. Rhe1 Nb4 22. Qd2 Rc4 23. a3 Nc6 24. f5 Rd4 25. Qe2 exf5 26. Qe8+ Rf8 27.
Qe6+ Kh8 28. Rxd4 Nxd4 29. Qf7 Qd8 30. Qxb7 f4 31. gxf4 Qxh4 32. Rg1 Rg8 33.
Nxd5 Qf2 34. Rc1 Ne2 35. Rh1 Nd4 36. c3 Qc2+ 37. Ka2 Ne2 38. Ka1 h6 39. Nb4 Qd2
40. f5 Rf8 41. f6 Rg8 42. Qf7 1-0

[Event "Karposh Open  2012"]
[Site "Skopje MKD"]
[Date "2012.04.12"]
[Round "7.26"]
[White "Markidis, Konstantinos"]
[Black "Pacher, Milan"]
[Result "1/2-1/2"]
[WhiteElo "2284"]
[BlackElo "2402"]
[PlyCount "39"]
[EventDate "2012.04.07"]
[EventType "swiss"]
[EventRounds "9"]
[Source "lmi"]
[SourceDate "2012.04.07"]

1. e4 c6 2. d4 d5 3. e5 Bf5 4. Nd2 e6 5. Nb3 Nd7 6. Nf3 Ne7 7. Be2 Nc8 8. O-O
Be7 9. a4 O-O 10. a5 a6 11. Bf4 Na7 12. Qd2 Rc8 13. c3 c5 14. dxc5 Nxc5 15.
Nxc5 Bxc5 16. b4 Be7 17. Nd4 Bg6 18. Rac1 Nc6 19. Nxc6 Rxc6 20. Be3 1/2-1/2

[Event "Karposh Open  2012"]
[Site "Skopje MKD"]
[Date "2012.04.12"]
[Round "7.27"]
[White "Dimitrijevic, Radmilo"]
[Black "Dancevski, Orce"]
[Result "0-1"]
[WhiteElo "2240"]
[BlackElo "2380"]
[PlyCount "68"]
[EventDate "2012.04.07"]
[EventType "swiss"]
[EventRounds "9"]
[Source "lmi"]
[SourceDate "2012.04.07"]

1. e4 c5 2. Nc3 d6 3. g3 g6 4. Bg2 Bg7 5. d3 Nc6 6. Be3 e6 7. Qd2 Qd7 8. Nge2
Nd4 9. Nd1 b6 10. c3 Nxe2 11. Qxe2 Ba6 12. O-O Ne7 13. f4 d5 14. e5 h5 15. Nf2
Nf5 16. Bd2 Bf8 17. Rfd1 Be7 18. Qf3 Kf8 19. Be3 Kg7 20. d4 Bb5 21. Bh3 cxd4
22. Bxd4 Nxd4 23. cxd4 Rac8 24. Rac1 Qb7 25. Bf1 Bxf1 26. Rxf1 Qa6 27. a3 Qb5
28. Nd3 Rc4 29. Rxc4 dxc4 30. Nb4 Bxb4 31. axb4 Qxb4 32. Qc3 Qb5 33. Rc1 Rc8
34. Rc2 Qc6 0-1

[Event "Karposh Open  2012"]
[Site "Skopje MKD"]
[Date "2012.04.12"]
[Round "7.28"]
[White "Ratkovic, Milovan"]
[Black "Stojcevski, Zoran"]
[Result "1-0"]
[WhiteElo "2183"]
[BlackElo "2346"]
[PlyCount "75"]
[EventDate "2012.04.07"]
[EventType "swiss"]
[EventRounds "9"]
[Source "lmi"]
[SourceDate "2012.04.07"]

1. d4 Nf6 2. Nf3 b5 3. e3 a6 4. Bd3 Bb7 5. O-O e6 6. Nbd2 c5 7. c4 d5 8. cxb5
c4 9. bxa6 Nxa6 10. Bc2 Bd6 11. Ba4+ Ke7 12. e4 Nxe4 13. Nxe4 dxe4 14. Nd2 Qc7
15. Qh5 Nb4 16. b3 Ra5 17. Qh4+ g5 18. Qh6 Bf4 19. Nxc4 Rxa4 20. Bxf4 Qxf4 21.
bxa4 Ba6 22. g3 Qf5 23. Ne3 Qg6 24. Qxg6 hxg6 25. Rfb1 Nd3 26. Rb6 Ra8 27. Ng4
f6 28. Rab1 Ra7 29. Rb8 Rc7 30. Rh8 Rc2 31. Rh7+ Kd8 32. Rb8+ Bc8 33. Rh8+ Ke7
34. Rhxc8 Rxa2 35. Rb1 f5 36. Ne5 g4 37. Nxd3 exd3 38. Rc3 1-0

[Event "Karposh Open  2012"]
[Site "Skopje MKD"]
[Date "2012.04.12"]
[Round "7.30"]
[White "Stosevski, Ilija"]
[Black "Saric, Sinisa"]
[Result "0-1"]
[WhiteElo "2168"]
[BlackElo "2480"]
[PlyCount "80"]
[EventDate "2012.04.07"]
[EventType "swiss"]
[EventRounds "9"]
[Source "lmi"]
[SourceDate "2012.04.07"]

1. Nf3 c5 2. d3 Nc6 3. g3 d5 4. Bg2 e5 5. O-O Nf6 6. e4 Be7 7. exd5 Nxd5 8. Re1
f6 9. c3 Nc7 10. Na3 O-O 11. Nc4 Be6 12. Ne3 Qd7 13. Bf1 Rad8 14. Nd2 Kh8 15.
a4 f5 16. Nec4 Bf6 17. a5 Rfe8 18. Qa4 Rb8 19. Nf3 Bd5 20. Bg2 b5 21. axb6 axb6
22. Qd1 b5 23. Ne3 Be6 24. h4 h6 25. Ng5 g6 26. Nxe6 Rxe6 27. h5 f4 28. Ng4 Bg7
29. gxf4 gxh5 30. Nxe5 Bxe5 31. fxe5 Rg6 32. Bf4 Rbg8 33. Bg3 h4 34. Qh5 hxg3
35. f4 Ne6 36. f5 Nf4 37. e6 Qxd3 38. Qd1 Qxf5 39. Qd2 Nxg2 40. Qxg2 Ne5 0-1

[Event "Karposh Open  2012"]
[Site "Skopje MKD"]
[Date "2012.04.12"]
[Round "7.31"]
[White "Stamnov, Aleksander"]
[Black "Smith, Bryan G"]
[Result "1/2-1/2"]
[WhiteElo "2184"]
[BlackElo "2450"]
[PlyCount "58"]
[EventDate "2012.04.07"]
[EventType "swiss"]
[EventRounds "9"]
[Source "lmi"]
[SourceDate "2012.04.07"]

1. e4 c5 2. c3 g6 3. d4 cxd4 4. cxd4 d5 5. e5 Nc6 6. h3 f6 7. exf6 Nxf6 8. Nf3
Bg7 9. Bb5 O-O 10. Nc3 Ne4 11. O-O Rxf3 12. Nxe4 Nxd4 13. gxf3 Nxb5 14. Nc3
Nxc3 15. bxc3 Bxh3 16. Re1 Bxc3 17. Bh6 e5 18. Qb3 Bd4 19. Qxb7 e4 20. fxe4 Rb8
21. Qxd5+ Qxd5 22. exd5 Bxa1 23. Rxa1 Rd8 24. Rd1 Be6 25. d6 Bxa2 26. Ra1 Bd5
27. Rxa7 Rxd6 28. Rg7+ Kh8 29. f4 Rd8 1/2-1/2

[Event "Karposh Open  2012"]
[Site "Skopje MKD"]
[Date "2012.04.12"]
[Round "7.34"]
[White "Stojanovic, Andjelija"]
[Black "Vachev, Vladimir"]
[Result "0-1"]
[WhiteElo "2324"]
[BlackElo "2152"]
[PlyCount "40"]
[EventDate "2012.04.07"]
[EventType "swiss"]
[EventRounds "9"]
[Source "lmi"]
[SourceDate "2012.04.07"]

1. Nf3 Nf6 2. g3 c5 3. Bg2 g6 4. O-O Bg7 5. c4 O-O 6. Nc3 Nc6 7. d4 cxd4 8.
Nxd4 Nxd4 9. Qxd4 d6 10. Qd3 Bf5 11. e4 Be6 12. Bd2 Nd7 13. b3 Ne5 14. Qe3 Nc6
15. Rac1 Qd7 16. Nd5 Rac8 17. Bc3 b6 18. Bxg7 Kxg7 19. f4 f6 20. h4 Bg4 0-1

[Event "Karposh Open  2012"]
[Site "Skopje MKD"]
[Date "2012.04.12"]
[Round "7.35"]
[White "Orehek, Spela"]
[Black "Simjanovski, Saso"]
[Result "1/2-1/2"]
[WhiteElo "1992"]
[BlackElo "2288"]
[PlyCount "85"]
[EventDate "2012.04.07"]
[EventType "swiss"]
[EventRounds "9"]
[Source "lmi"]
[SourceDate "2012.04.07"]

1. e4 g6 2. d4 Bg7 3. Nf3 d6 4. Bc4 e6 5. O-O a6 6. a4 b6 7. Qe2 Ne7 8. c3 h6
9. Na3 Bb7 10. Nc2 d5 11. Ba2 dxe4 12. Nd2 O-O 13. Nxe4 Nf5 14. Re1 Nc6 15. Bf4
e5 16. dxe5 Nxe5 17. Ng3 Nxg3 18. Bxg3 Re8 19. Rad1 Qf6 20. Ne3 Rad8 21. Rxd8
Rxd8 22. Rd1 Re8 23. Nd5 Qc6 24. Qc2 Nc4 25. h3 Nd6 26. Ne3 Qe4 27. Qxe4 Rxe4
28. Bb3 Be5 29. Bxe5 Rxe5 30. Nd5 Bxd5 31. Bxd5 Re2 32. b3 Rc2 33. Rd3 a5 34.
c4 Kg7 35. g4 g5 36. Kg2 f5 37. Re3 Rb2 38. Rc3 fxg4 39. hxg4 Rd2 40. Re3 Kf8
41. Re6 Rd4 42. Kg3 Rd3+ 43. f3 1/2-1/2

[Event "Karposh Open  2012"]
[Site "Skopje MKD"]
[Date "2012.04.12"]
[Round "7.36"]
[White "Drljevic, Ljilja"]
[Black "Yurtseven, Melih"]
[Result "1-0"]
[WhiteElo "2278"]
[BlackElo "2147"]
[PlyCount "43"]
[EventDate "2012.04.07"]
[EventType "swiss"]
[EventRounds "9"]
[Source "lmi"]
[SourceDate "2012.04.07"]

1. e4 d6 2. d4 Nf6 3. Nc3 g6 4. Bg5 Bg7 5. Qd2 h6 6. Bf4 c6 7. a4 Qa5 8. Nf3
Nbd7 9. h3 g5 10. Be3 Nf8 11. Bd3 Ng6 12. e5 Ng8 13. O-O d5 14. Nh2 Be6 15. b4
Qc7 16. a5 Rd8 17. Bxg6 fxg6 18. g4 h5 19. Qd3 Bf7 20. Na4 b6 21. axb6 axb6 22.
b5 1-0

[Event "Karposh Open  2012"]
[Site "Skopje MKD"]
[Date "2012.04.12"]
[Round "7.38"]
[White "Koksal, Ege"]
[Black "Vlashki, Nino"]
[Result "1-0"]
[WhiteElo "2154"]
[BlackElo "2258"]
[PlyCount "53"]
[EventDate "2012.04.07"]
[EventType "swiss"]
[EventRounds "9"]
[Source "lmi"]
[SourceDate "2012.04.07"]

1. d4 e6 2. Nf3 f5 3. c4 Nf6 4. g3 d5 5. Bg2 c6 6. O-O Bd6 7. b3 Qe7 8. a4 O-O
9. Ba3 Bxa3 10. Nxa3 Nbd7 11. Nc2 a5 12. Nce1 dxc4 13. bxc4 e5 14. e3 e4 15.
Nd2 b6 16. Qb3 c5 17. Nc2 Ba6 18. Na3 Rae8 19. Nb5 Bxb5 20. cxb5+ Qe6 21. Qxe6+
Rxe6 22. Nb3 c4 23. Nd2 c3 24. Nb1 Nd5 25. Rc1 Rc8 26. Rc2 Rf6 27. Ra3 1-0

[Event "Karposh Open  2012"]
[Site "Skopje MKD"]
[Date "2012.04.12"]
[Round "7.39"]
[White "Dastan, Muhammed Batuhan"]
[Black "Kukov, Tode"]
[Result "1-0"]
[WhiteElo "2239"]
[BlackElo "2112"]
[PlyCount "78"]
[EventDate "2012.04.07"]
[EventType "swiss"]
[EventRounds "9"]
[Source "lmi"]
[SourceDate "2012.04.07"]

1. e4 c5 2. Nf3 Nc6 3. d4 cxd4 4. Nxd4 g6 5. c4 Nf6 6. Nc3 d6 7. Be2 Nxd4 8.
Qxd4 Bg7 9. Bg5 O-O 10. Qd2 Be6 11. Rc1 Rc8 12. b3 Qa5 13. f3 a6 14. O-O Rfe8
15. Rfd1 Nd7 16. Nd5 Qxd2 17. Rxd2 Bxd5 18. Rxd5 Bf6 19. Be3 Bb2 20. Rb1 Bg7
21. b4 Nf6 22. Rdd1 Rc7 23. Bb6 Rc6 24. c5 Ra8 25. b5 axb5 26. Bxb5 Rcc8 27.
cxd6 exd6 28. a4 Bf8 29. Rbc1 Be7 30. Kf2 h5 31. Rc7 Rxc7 32. Bxc7 Ne8 33. Bxe8
Rxe8 34. Rb1 Ra8 35. a5 Bd8 36. Bxd8 Rxd8 37. Rxb7 Ra8 38. Rb5 Kf8 39. Ke2 Ke7
1-0